Chelsea Squad 2010/11 Quiz Stats

 Plays Quiz not verified by Sporcle

Score 0/29 Timer 04:00
0 Plays Today
Squad No. Player % Correct
1Petr Čech
98.9%
11Dider Drogba
97.6%
8Frank Lampard
97%
5Michael Essien
95.2%
3Ashley Cole
94.8%
2Branislav Ivanović
93%
26John Terry
91.6%
15Florent Malouda
90.5%
21Salomon Kalou
88.2%
12John Obi Mikel
87.8%
7Ramires
85.4%
10Yossi Benayoun
80.2%
33Alex
78.5%
39Nicolas Anelka
76.3%
18Yuri Zhirkov
75.2%
Squad No. Player % Correct
17José Bosingwa
74.3%
19Paulo Ferreira
64.3%
9Fernando Torres
62.2%
4David Luiz
56.8%
40Henrique Hilário
49.7%
22Ross Turnbull
47.7%
45 (on loan at Swansea City)Fabio Borini
35.3%
43 (on loan at Leicester City)Jeffrey Bruma
32.6%
23 (on loan at Bolton)Daniel Sturridge
30.5%
46Josh McEachran
27.9%
44 (on loan at Fulham)Gael Kakuta
17.3%
38 (on loan at Leicester City)Patrick Van Aanholt
13.3%
34Ryan Bertrand
8.1%
52 (on loan at Barnsley)Jacob Mellis
3.7%

You're not logged in!

Compare scores with friends on all Sporcle quizzes.
OR
Log In

You Might Also Like...

Show Comments

Extras

Top Quizzes Today


Score Distribution

Your Account Isn't Verified!

In order to create a playlist on Sporcle, you need to verify the email address you used during registration. Go to your Sporcle Settings to finish the process.

Report this User

Report this user for behavior that violates our Community Guidelines.

Details: